00380nam a2200121Ia 4500003000400000005001700004008004100021040001800062041000800080100004300088245009000131260003700221OSt20260127114847.0211028s2017 xx 000 0 und d cAIMIT LIBRARY aeng aKiran l, Ravi; Godwin, Benny.g1516119 aStudy on factors influencing distribution channel of Nandini milk products by Bamul / aMangalorebRavi Kudtarkar.c2017